000
00304nam a2200157Ia 4500
100
_a
Kanetkar/Yashavant
650
_a
unix
942
_c
BK
366
_f
25
245
_a
Unix shell programming
260
_b
BPB
_c
1996
082
_a
5.133
_b
KAN
300
_a
486
546
_a
ENGLISH
999
_c
23916
_d
23916